| 000 | 00682nam a2200181 a 4500 | ||
|---|---|---|---|
| 008 | 160831s2015 ||||||||||||||||| || u | ||
| 050 | _aCBU-PG THESIS/AGA | ||
| 100 | _aAgabu, Shane | ||
| 245 | 1 | 0 |
_aBioenergy resources assessment and deployment approaches in Zambia _cby Mr. Shane Agabu |
| 260 |
_aKitwe _bCopperbelt University _c2015 |
||
| 300 | _axii, 185p.: ill. | ||
| 500 | _aIncludes References | ||
| 650 | _aBIOMASS ENERGY | ||
| 650 | _aBIOMASS GASIFICATION | ||
| 650 | _aBIOGAS - ZAMBIA | ||
| 650 | 0 | _aRENEWABLE ENERGY SOURCES | |
| 995 |
_FCBU-MAIN LIBRARY (Kitwe) _M1 _UAVAILABLE _WAug 31, 2016 _ZUniversity Collection |
||
| 999 |
_c35877 _d35877 |
||